| 000 | 00673nam a2200193Ia 4500 | ||
|---|---|---|---|
| 005 | 20250508155449.0 | ||
| 008 | 008 250505s9999 xx 000 0 eng d | ||
| 037 | _aTextual | ||
| 040 |
_aFEDL _beng _cFEDL |
||
| 041 |
_aeng _2eng |
||
| 084 |
_a371.26, NCE _qFEDL |
||
| 245 | 0 | _aFollow-up activities of participants of evaluation workshops : A survey | |
| 245 | 0 | _cNational Council of Educational Research and Training | |
| 260 |
_aNew Delhi, India _bNational Council of Educational Research and Training _c1962 |
||
| 300 | _a43p. | ||
| 650 |
_aEducational - Tests and Mearsurement _9763409 |
||
| 942 |
_cTEXL _h371.26, NCE |
||
| 999 |
_c1357087 _d1357087 |
||